000 00755nam a2200205 i 4500
001 26778
003 ES-MaACL
005 20251004063052.0
007 t|
008 030110s1878 fr ||||1| fre d
100 1 _aPrisse d'Avennes, Émile,
_d1807-1879
_924021
245 1 0 _aHistoire de l'art égyptien d'après les monuments
_b: depuis les temps les plus reculés jusqu'à la domination romaine /
_cpar Prisse d'Avennes,... ; texte par P. Marchandon de la Faye.
260 _aParís :
_bA. Bertrand],
_c1878 (
_fArthur Bertrand)
300 _a2 v. :
_bmap. ;
_c63 cm.
500 _aAtlas.
650 0 7 _aArte egipcio
_2embne
_910185
700 0 _aMarchandon de la Faye, P.
_976413
852 _aES-MaACL
_jB-6985-86
999 _c26778
_d26778